| 000 | 00510nam a22001817a 4500 | ||
|---|---|---|---|
| 005 | 20251108165338.0 | ||
| 008 | 250721s1991 xx 000 0 ara d | ||
| 082 | 1 | 4 | _a956.93/عبد |
| 100 | 1 | _aالعطار، عبد الناصر توفيق | |
| 245 | 1 | 0 | _aتدمير عجل بني إسرائيل الجديد / |
| 264 | 1 |
_aالقاهره : _c1991. |
|
| 300 | _a95ص | ||
| 650 | 1 | 7 | _aاليهود |
| 650 | 1 | 7 | _aتاريخ اليهود |
| 650 | 1 | 7 | _aاليهودية |
| 942 |
_2ddc _cBK |
||
| 999 |
_c25646 _d25646 |
||